Novick & Morrow's public health administration : principles for population-based management (Record no. 567896)

MARC details
000 -LEADER
fixed length control field 01565nam a2200205Ia 4500
008 - FIXED-LENGTH DATA ELEMENTS--GENERAL INFORMATION
fixed length control field 250103s9999 xx 000 0 und d
020 ## - INTERNATIONAL STANDARD BOOK NUMBER
ISBN 9781449688332
Paper back/Hardbound hbk
041 ## - LANGUAGE CODE
Language code of text/sound track or separate title eng
082 ## - DEWEY DECIMAL CLASSIFICATION NUMBER
Classification number 362.1068
Item number SHI
245 #0 - TITLE STATEMENT
Title Novick & Morrow's public health administration : principles for population-based management
Statement of responsibility, etc / Edited by Leiyu Shi; James A. Johnson
250 ## - EDITION STATEMENT
Edition statement 3rd edition
260 ## - PUBLICATION, DISTRIBUTION, ETC. (IMPRINT)
Name of publisher Jones & Bartlett Learning, Burlington:
Year of publication 2014
300 ## - PHYSICAL DESCRIPTION
Number of Pages xxxii, 713 pages : illustrations ; 26 cm
500 ## - GENERAL NOTE
General note <br/>Revised edition of: Public health administration / edited by Lloyd F. Novick, Cynthia B. Morrow, Glen P. Mays. 2nd ed. c2008
520 ## - SUMMARY, ETC.
Summary, etc Under the direction of new lead editors, Leiyu Shi and James A. Johnson, the new third edition examines the many events, advances, and challenges in the United States and the world since the publication of the prior edition of the book. With contributions from experts in areas ranging from workforce to community-based prevention to emergency preparedness, this timely and thorough revision offers detailed, comprehensive coverage of current, relevant issues for students as well as practicing public health administrators. This edition also addresses new perspectives of evidence-based public health, systems thinking, accountable care organizations, social entrepreneurship, integrated information management, disaster preparedness and response, and social media
650 ## - SUBJECT ADDED ENTRY--TOPICAL TERM
Topical Term Public Health Administration
700 ## - ADDED ENTRY--PERSONAL NAME
Personal name Shi, Leiyu; Johnson, James A.
942 ## - ADDED ENTRY ELEMENTS (KOHA)
Koha item type English Books
Holdings
Withdrawn status Lost status Damaged status Not for loan Home library Current library Shelving location Date acquired Cost, normal purchase price Full call number Accession Number Price effective from Koha item type
        Anna Centenary Library Anna Centenary Library 4TH FLOOR, A WING 03.01.2025 6377.76 362.1068 SHI 699226 03.01.2025 Reference

Find us on the map